[Event "Game2#"]
[Site "http://www.queenalice.com/game.php?id=738196"]
[Date "2010.2.27"]
[Round "-"]
[White "The_best_player"]
[Black "Strogonoff"]
[Result "0-1"]
[WhiteElo "1213"]
[BlackElo "1784"]

1. e4 e6 2. d4 d5 3. e5 f6 4. Nf3 Nc6 5. c3 fxe5 6. Nxe5 Nxe5 7. dxe5 Bc5 8. Bd3
Qh4 9. Qf3 b6 10. b4 Be7 0-1

[Event "Game5#"]
[Site "http://www.queenalice.com/game.php?id=738199"]
[Date "2010.2.27"]
[Round "-"]
[White "FranzMeM"]
[Black "The_best_player"]
[Result "1-0"]
[WhiteElo "1345"]
[BlackElo "1267"]

1. e4 e6 2. d4 d5 3. Nc3 Bb4 4. Bd3 c5 5. dxc5 d4 6. Bb5+ Bd7 7. Bd2 dxc3 8.
bxc3 Bxc5 9. Bxd7+ Qxd7 10. Be3 Bxe3 11. fxe3 Nf6 12. Nf3 Nxe4 13. Ne5 Qxd1+ 14.
Rxd1 Nxc3 15. Nxf7 Nxd1 16. Nxh8 Nxe3 17. Kd2 Nd5 18. Rf1 Nf6 19. h3 1-0

[Event "AUTO-OPEN-1894"]
[Site "http://www.queenalice.com/game.php?id=738381"]
[Date "2010.2.27"]
[Round "1"]
[White "The_best_player"]
[Black "REDWOLF"]
[Result "0-1"]
[WhiteElo "1171"]
[BlackElo "1390"]

1. e4 e5 2. Bc4 Nf6 3. Nc3 c6 4. d4 Bd6 5. Nf3 exd4 6. Qxd4 Be7 7. Be3 O-O 8.
O-O-O d6 9. h3 c5 10. Qd2 Nc6 11. g4 a6 12. Qe2 Nb4 13. Bxc5 Qa5 14. Bxb4 Qxb4
0-1

[Event "AUTO-OPEN-1894"]
[Site "http://www.queenalice.com/game.php?id=738382"]
[Date "2010.2.27"]
[Round "1"]
[White "REDWOLF"]
[Black "The_best_player"]
[Result "1-0"]
[WhiteElo "1411"]
[BlackElo "1162"]

1. e4 e5 2. Nf3 Nc6 3. d4 exd4 4. Nxd4 Nf6 5. Nxc6 bxc6 6. Bg5 Be7 7. Bxf6 Bxf6
8. c3 Qe7 9. Bd3 d5 10. O-O O-O 11. Re1 Re8 12. exd5 Qxe1+ 13. Qxe1 Rxe1+ 14.
Bf1 Ba6 15. h3 1-0

[Event "AUTO-OPEN-1894"]
[Site "http://www.queenalice.com/game.php?id=738383"]
[Date "2010.2.27"]
[Round "1"]
[White "The_best_player"]
[Black "FOS2006"]
[Result "0-1"]
[WhiteElo "1213"]
[BlackElo "1544"]

1. e4 e5 2. Nc3 c6 3. f4 exf4 4. Nf3 Bd6 5. d4 g5 6. h4 f6 7. Bc4 b5 8. Bb3 Qb6
9. hxg5 fxg5 10. Nxg5 Ke7 11. e5 Bb4 12. Qh5 Qxd4 0-1

[Event "AUTO-OPEN-1894"]
[Site "http://www.queenalice.com/game.php?id=738384"]
[Date "2010.2.27"]
[Round "1"]
[White "FOS2006"]
[Black "The_best_player"]
[Result "1-0"]
[WhiteElo "1547"]
[BlackElo "1207"]

1. e4 e6 2. Be2 d5 3. Bf3 dxe4 4. Bxe4 Nf6 5. Bd3 b6 6. Nf3 Bb7 7. O-O Be7 8. c3
O-O 9. Be2 c5 10. d4 Nc6 11. dxc5 Bxc5 12. Be3 Bxe3 13. fxe3 Qe7 14. Nbd2 1-0

[Event "brxadrez"]
[Site "http://www.queenalice.com/game.php?id=740691"]
[Date "2010.3.3"]
[Round "-"]
[White "skimonline"]
[Black "The_best_player"]
[Result "0-1"]
[WhiteElo "1033"]
[BlackElo "1100"]

1. Nf3 d5 2. Nc3 c5 3. Nxd5 Qxd5 4. Nh4 Nf6 5. Nf3 c4 6. Ng1 Qf5 7. f3 e5 8. c3
e4 9. Qa4+ b5 10. Qd1 Bc5 11. Nh3 Qh5 12. Nf4 Qh4+ 13. g3 Qg5 14. h4 Qxg3# 0-1